El arte de utilizar nuestras faltas : según S. Francisco de Sales /

Збережено в:
Бібліографічні деталі
Автор: Tissot, José (autor)
Інші автори: Jiménez Imaz, Germán (versión) (versión)
Формат: Книга
Мова:Іспанська
Опубліковано: México : Ediciones Paulinas, 1958, c1958
Теги: Додати тег
Немає тегів, Будьте першим, хто поставить тег для цього запису!

MARC

LEADER 00000nam^a2200000^a^4500
001 000576903
005 20250521000000.0
009 20260310132437.794
037 |a Acervo Xavier Clavigero 
041 |a ESP 
091 |a FIP. 00583 
100 |a Tissot, José  |e (autor) 
245 1 3 |a El arte de utilizar nuestras faltas :  |b según S. Francisco de Sales / 
264 4 |a México :  |b Ediciones Paulinas,  |c 1958, c1958 
300 |a 204 p. 
336 |a texto  |b txt  |2 rdacontenido 
337 |a sin mediación  |b n  |2 rdamedio 
338 |a volumen  |b nc  |2 rdasoporte 
649 |a XX 
700 |a Jiménez Imaz, Germán  |e (versión) 
910 |a Fondo Manuel Ignacio Pérez Alonso S.J. 
920 |a Impresos - Libros 
930 |a Fondos Especiales 
905 |a 140 
901 |a 0500404583  |b IT2  |c ESP  |i D  |u 20250521 
902 |a https://opac.biblio.iteso.mx/vufind/Record/000576903